000 00237nam a2200121Ia 4500
100 _a#N/A
650 _aComputer/ IT
942 _cBK
654 _aKASPERKY
245 _aKASPERKY INTERNET SECURITY
260 _b#N/A
546 _aENGLISH
999 _c33533
_d33533